| 000 | 01601nam a2200361 4500 | ||
|---|---|---|---|
| 001 | 153 | ||
| 003 | OSt | ||
| 005 | 20250217153724.0 | ||
| 008 | 250128b |||||||g |||| 00| j eng d | ||
| 020 | _a8511515895 | ||
| 040 | _bpor | ||
| 041 |
_heng _apor |
||
| 082 |
_a823 _bC555tre |
||
| 100 | 1 |
_aChristie, Agatha, _d1890-1976 _9268 |
|
| 240 | _aThe thirteen problems | ||
| 245 |
_aOs treze problemas / _cChristie, Agatha ; Tradução de Thomaz Scott Newlands Neto |
||
| 260 |
_aRio de Janeiro _bRecord _c1987 |
||
| 300 | _a217 p. | ||
| 490 | 1 | _aMiss Marple | |
| 520 | _aRaymond West, escritor, Joyce Lemprière, artista, Sir Henry Clithering, ex-diretor da Scotland Yard, o Dr. Pender, o idoso clérigo da paróquia e Mr. Petherick reúnem-se uma vez por semana em casa de Miss Jane Marple e resolvem criar o Clube das Terças-Feiras. Cada um conta uma história, um mistério do qual sabem o final, que mantém em segredo enquanto os outros opinam, conjecturam e examinam os dados, tentando desvendar o enigma proposto. E Miss Jane Marple, com seus bondosos olhos azuis e eternamente tricotando, mostra mais uma vez conhecer a fundo a natureza humana, e os extremos a que pode chegar. | ||
| 650 | 0 |
_aLiteratura Inglesa _989 |
|
| 650 | 0 |
_aHistorias curtas _967 |
|
| 650 | 0 |
_aRomance Policial _911 |
|
| 650 | 0 |
_aSuspense _910 |
|
| 650 | 0 |
_aMistério _942 |
|
| 650 | 0 |
_aCrime e Investigação _913 |
|
| 650 | 0 |
_aClássicos _977 |
|
| 650 | 0 |
_aFilme _926 |
|
| 655 | 0 |
_aConto _968 |
|
| 700 |
_aThomaz Scott Newlands Neto _eTradutor _9293 |
||
| 830 |
_aMiss Marple _9276 |
||
| 942 |
_2ddc _n0 _cBK |
||
| 999 |
_c153 _d153 |
||